Cena pana Alfreda Nobela. Otec nejznámnější učebnice ekonomie.

V roku 1970 bola udelená Nobelova cena za ekonómiu Paulovi Samuelsonovi - profesorovi na Massachussets Institute of Technology v USA. Preslávil sa svojou učebnicou ekonomickej teórie "Economics and Introductory Analysis". Bola preložená do mnohých jazykov a vyšla v niekoľkých vydaniach.

Saved in:
Bibliographic Details
Format: Book Chapter
Language:Czech
Subjects:
Tags: Add Tag
No Tags, Be the first to tag this record!

MARC

LEADER 00000naa a2200000 4500
001 r011276
005 20220826094105.6
041 0 |a cze 
044 |a [CS] 
245 1 0 |a Cena pana Alfreda Nobela.  |b Otec nejznámnější učebnice ekonomie. 
520 |a V roku 1970 bola udelená Nobelova cena za ekonómiu Paulovi Samuelsonovi - profesorovi na Massachussets Institute of Technology v USA. Preslávil sa svojou učebnicou ekonomickej teórie "Economics and Introductory Analysis". Bola preložená do mnohých jazykov a vyšla v niekoľkých vydaniach. 
610 2 0 |a Nobelova cena 
610 2 0 |a ekonómia 
610 2 0 |a Samuelson, P.A. 
610 2 0 |a 1970